000 00988nam a22002177a 4500
003 AM-YeHGA
040 _aAM-YeHGA
090 _c444618
005 20250617155920.0
008 191119s2017 kz ||||| |||| 00| 0 rus d
020 _a9786017287276
041 0 _arus
245 0 0 _aОрнитологический вестник Казахстана и Средней Азии :
_bК 100-летию академика АН Туркменистана Анвера Кеюшевича Рустамова /
_cМензбировское орнитологическое общество ; Союз охраны птиц Казахстана.
260 _aАлматы :
_bМОО - СОПК,
_c2017.
300 _aвыпуск
505 1 0 _gВып. 4 (2017, 360 с., ил.)
650 1 4 _aОрнитология
710 2 _aМензбировское орнитологическое общество
710 2 _aСоюз охраны птиц Казахстана
942 _2udc
_cBK
999 _c441833
_d441833